[Event "DEM U14 2025"]
[Site "Willingen GER"]
[Date "2025.06.09"]
[Round "3"]
[White "Krüger, Moritz"]
[Black "Lee, Ho In"]
[Result "1/2-1/2"]
[Termination "normal"]
[Board "16"]
[WhiteElo "1785"]
[BlackElo "1868"]
[WhiteClock "01:12:29"]
[BlackClock "00:08:02"]
[PlyCount "91"]
[WhiteFideId "34608923"]
[BlackFideId "34623655"]
[EventCountry "GER"]
[EventRounds "9"]
[EventType "swiss"]
[EventDate "2025.06.07"]

1. d4 {[%clk 01:30:29]} {[%emt 00:00:29]} d5 {[%clk 01:30:42]} {[%emt
00:00:19]} 2. Nf3 {[%clk 01:30:23]} {[%emt 00:00:35]} c6 {[%clk 01:30:40]}
{[%emt 00:00:33]} 3. g3 {[%clk 01:30:10]} {[%emt 00:00:42]} Nf6 {[%clk
01:30:13]} {[%emt 00:00:58]} 4. Bg2 {[%clk 01:29:44]} {[%emt 00:00:56]} e6
{[%clk 01:28:39]} {[%emt 00:02:05]} 5. O-O {[%clk 01:28:21]} {[%emt 00:01:52]}
Bd6 {[%clk 01:28:48]} {[%emt 00:00:21]} 6. Bg5 {[%clk 01:25:25]} {[%emt
00:03:27]} Nbd7 {[%clk 01:27:39]} {[%emt 00:01:39]} 7. Nbd2 {[%clk 01:25:35]}
{[%emt 00:00:19]} O-O {[%clk 01:27:03]} {[%emt 00:01:07]} 8. e4 {[%clk
01:24:42]} {[%emt 00:01:22]} dxe4 {[%clk 01:08:52]} {[%emt 00:18:42]} 9. Nxe4
{[%clk 01:19:55]} {[%emt 00:05:16]} Be7 {[%clk 01:08:40]} {[%emt 00:00:41]} 10.
Bxf6 {[%clk 01:18:47]} {[%emt 00:01:39]} Nxf6 {[%clk 01:08:37]} {[%emt
00:00:33]} 11. Nxf6+ {[%clk 01:18:07]} {[%emt 00:01:11]} Bxf6 {[%clk 01:08:37]}
{[%emt 00:00:28]} 12. c3 {[%clk 01:17:35]} {[%emt 00:01:03]} Qc7 {[%clk
01:06:54]} {[%emt 00:02:12]} 13. Re1 {[%clk 01:16:46]} {[%emt 00:01:20]} b6
{[%clk 01:01:45]} {[%emt 00:05:39]} 14. Nd2 {[%clk 01:15:27]} {[%emt 00:01:49]}
g6 {[%clk 00:55:13]} {[%emt 00:07:02]} 15. Ne4 {[%clk 01:14:56]} {[%emt
00:01:01]} Bg7 {[%clk 00:55:13]} {[%emt 00:00:28]} 16. f4 {[%clk 01:13:58]}
{[%emt 00:01:29]} Bb7 {[%clk 00:54:49]} {[%emt 00:00:47]} 17. Ng5 {[%clk
01:13:22]} {[%emt 00:01:11]} Rfd8 {[%clk 00:49:27]} {[%emt 00:05:53]} 18. Qf3
{[%clk 01:10:44]} {[%emt 00:03:08]} Rab8 {[%clk 00:45:31]} {[%emt 00:04:26]}
19. Qf2 {[%clk 01:09:54]} {[%emt 00:01:19]} Bf8 {[%clk 00:40:03]} {[%emt
00:05:59]} 20. Bh3 {[%clk 01:05:53]} {[%emt 00:04:31]} h6 {[%clk 00:33:27]}
{[%emt 00:07:07]} 21. Ne4 {[%clk 01:04:46]} {[%emt 00:01:38]} c5 {[%clk
00:27:58]} {[%emt 00:05:59]} 22. Rad1 {[%clk 01:02:51]} {[%emt 00:02:24]} cxd4
{[%clk 00:11:59]} {[%emt 00:16:29]} 23. cxd4 {[%clk 00:59:48]} {[%emt
00:03:32]} Bxe4 {[%clk 00:12:02]} {[%emt 00:00:28]} 24. Rxe4 {[%clk 00:59:57]}
{[%emt 00:00:20]} Rd7 {[%clk 00:12:03]} {[%emt 00:00:28]} 25. Re2 {[%clk
00:57:54]} {[%emt 00:02:33]} a5 {[%clk 00:09:29]} {[%emt 00:03:06]} 26. Red2
{[%clk 00:58:03]} {[%emt 00:00:21]} Rbd8 {[%clk 00:09:05]} {[%emt 00:00:54]}
27. Bg2 {[%clk 00:55:29]} {[%emt 00:03:04]} b5 {[%clk 00:02:22]} {[%emt
00:07:14]} 28. Qe2 {[%clk 00:51:51]} {[%emt 00:04:07]} Qb6 {[%clk 00:02:04]}
{[%emt 00:00:48]} 29. Kh1 {[%clk 00:49:07]} {[%emt 00:03:14]} Bb4 {[%clk
00:01:57]} {[%emt 00:00:36]} 30. Rd3 {[%clk 00:48:56]} {[%emt 00:00:41]} Rxd4
{[%clk 00:01:39]} {[%emt 00:00:49]} 31. Rxd4 {[%clk 00:48:02]} {[%emt
00:01:24]} Rxd4 {[%clk 00:02:04]} {[%emt 00:00:05]} 32. Rxd4 {[%clk 00:46:17]}
{[%emt 00:02:15]} Qxd4 {[%clk 00:02:30]} {[%emt 00:00:04]} 33. Qxb5 {[%clk
00:46:29]} {[%emt 00:00:18]} Qxb2 {[%clk 00:02:46]} {[%emt 00:00:14]} 34. a4
{[%clk 00:45:53]} {[%emt 00:01:05]} Qa1+ {[%clk 00:01:26]} {[%emt 00:01:50]}
35. Bf1 {[%clk 00:45:25]} {[%emt 00:00:58]} Qd4 {[%clk 00:01:32]} {[%emt
00:00:25]} 36. Qd3 {[%clk 00:45:08]} {[%emt 00:00:44]} Qa1 {[%clk 00:01:02]}
{[%emt 00:01:04]} 37. Qb5 {[%clk 00:44:58]} {[%emt 00:00:40]} Bc5 {[%clk
00:01:12]} {[%emt 00:00:20]} 38. Kg2 {[%clk 00:45:04]} {[%emt 00:00:19]} Qd4
{[%clk 00:01:18]} {[%emt 00:00:27]} 39. Kh3 {[%clk 00:45:00]} {[%emt 00:00:34]}
Bb4 {[%clk 00:00:34]} {[%emt 00:01:15]} 40. Be2 {[%clk 00:43:08]} {[%emt
00:02:22]} Qf2 {[%clk 00:00:32]} {[%emt 00:00:33]} 41. Qe5 {[%clk 00:42:50]}
{[%emt 00:00:47]} h5 {[%clk 00:25:46]} {[%emt 00:05:16]} 42. Bd3 {[%clk
01:11:34]} {[%emt 00:01:46]} Qf3 {[%clk 00:14:30]} {[%emt 00:11:46]} 43. Qe2
{[%clk 01:11:30]} {[%emt 00:00:33]} Qxe2 {[%clk 00:09:48]} {[%emt 00:05:13]}
44. Bxe2 {[%clk 01:11:46]} {[%emt 00:00:14]} Kg7 {[%clk 00:10:06]} {[%emt
00:00:13]} 45. Kg2 {[%clk 01:12:09]} {[%emt 00:00:07]} Kh6 {[%clk 00:08:02]}
{[%emt 00:02:34]} 46. Kf3 {[%clk 01:12:29]} {[%emt 00:00:08]} 1/2-1/2

[Event "DEM U14 2025"]
[Site "Willingen GER"]
[Date "2025.06.09"]
[Round "3"]
[White "Vakeel, Eshwar"]
[Black "Prashanthakumar, Arju"]
[Result "0-1"]
[Termination "normal"]
[Board "17"]
[WhiteElo "1720"]
[BlackElo "1809"]
[WhiteClock "00:47:13"]
[BlackClock "00:12:03"]
[PlyCount "74"]
[WhiteFideId "34626514"]
[BlackFideId "34604065"]
[EventCountry "GER"]
[EventRounds "9"]
[EventType "swiss"]
[EventDate "2025.06.07"]

1. e4 {[%clk 01:30:58]} {[%emt 00:00:01]} e6 {[%clk 01:30:51]} {[%emt
00:00:09]} 2. d4 {[%clk 01:31:25]} {[%emt 00:00:03]} d5 {[%clk 01:31:16]}
{[%emt 00:00:05]} 3. e5 {[%clk 01:31:53]} {[%emt 00:00:03]} c5 {[%clk
01:31:41]} {[%emt 00:00:05]} 4. c3 {[%clk 01:32:20]} {[%emt 00:00:03]} Nc6
{[%clk 01:32:06]} {[%emt 00:00:04]} 5. Nf3 {[%clk 01:32:45]} {[%emt 00:00:04]}
Bd7 {[%clk 01:32:31]} {[%emt 00:00:06]} 6. a3 {[%clk 01:32:48]} {[%emt
00:00:27]} Nge7 {[%clk 01:32:45]} {[%emt 00:00:16]} 7. Be2 {[%clk 01:32:14]}
{[%emt 00:01:04]} cxd4 {[%clk 01:32:15]} {[%emt 00:01:00]} 8. cxd4 {[%clk
01:32:30]} {[%emt 00:00:14]} Nf5 {[%clk 01:32:31]} {[%emt 00:00:14]} 9. b4
{[%clk 01:31:15]} {[%emt 00:01:44]} b5 {[%clk 01:29:45]} {[%emt 00:03:16]} 10.
Bb2 {[%clk 01:29:42]} {[%emt 00:02:04]} a5 {[%clk 01:28:39]} {[%emt 00:01:36]}
11. bxa5 {[%clk 01:24:54]} {[%emt 00:05:18]} Nxa5 {[%clk 01:27:42]} {[%emt
00:01:26]} 12. O-O {[%clk 01:22:41]} {[%emt 00:02:44]} Nc4 {[%clk 01:25:29]}
{[%emt 00:02:42]} 13. Qb3 {[%clk 01:22:22]} {[%emt 00:00:49]} Be7 {[%clk
01:21:23]} {[%emt 00:04:36]} 14. Nc3 {[%clk 01:21:01]} {[%emt 00:01:52]} O-O
{[%clk 01:19:28]} {[%emt 00:02:24]} 15. g4 {[%clk 01:16:52]} {[%emt 00:04:39]}
Nh4 {[%clk 01:14:17]} {[%emt 00:05:41]} 16. Bc1 {[%clk 01:16:08]} {[%emt
00:01:14]} Nxf3+ {[%clk 01:12:09]} {[%emt 00:02:38]} 17. Bxf3 {[%clk 01:16:31]}
{[%emt 00:00:07]} b4 {[%clk 01:10:14]} {[%emt 00:02:26]} 18. Nb1 {[%clk
01:13:07]} {[%emt 00:03:54]} bxa3 {[%clk 00:51:32]} {[%emt 00:19:12]} 19. Nxa3
{[%clk 01:13:04]} {[%emt 00:00:32]} Bxa3 {[%clk 00:49:43]} {[%emt 00:02:19]}
20. Bxa3 {[%clk 01:09:51]} {[%emt 00:03:43]} Nd2 {[%clk 00:49:27]} {[%emt
00:00:46]} 21. Qd3 {[%clk 01:10:15]} {[%emt 00:00:06]} Nxf1 {[%clk 00:49:19]}
{[%emt 00:00:39]} 22. Qxf1 {[%clk 01:10:10]} {[%emt 00:00:36]} Re8 {[%clk
00:48:44]} {[%emt 00:01:04]} 23. Bd6 {[%clk 01:07:01]} {[%emt 00:03:39]} Rxa1
{[%clk 00:47:14]} {[%emt 00:02:00]} 24. Qxa1 {[%clk 01:07:26]} {[%emt
00:00:06]} Qa8 {[%clk 00:45:52]} {[%emt 00:01:52]} 25. Qb2 {[%clk 01:07:36]}
{[%emt 00:00:20]} Rc8 {[%clk 00:42:58]} {[%emt 00:03:23]} 26. Be2 {[%clk
01:05:29]} {[%emt 00:02:36]} h6 {[%clk 00:40:14]} {[%emt 00:03:15]} 27. Bd3
{[%clk 00:59:21]} {[%emt 00:06:38]} Qc6 {[%clk 00:37:55]} {[%emt 00:02:49]} 28.
Bc5 {[%clk 00:58:36]} {[%emt 00:01:15]} Ra8 {[%clk 00:36:47]} {[%emt 00:01:38]}
29. Kg2 {[%clk 00:57:01]} {[%emt 00:02:05]} Qa4 {[%clk 00:25:40]} {[%emt
00:11:37]} 30. Qe2 {[%clk 00:49:56]} {[%emt 00:07:35]} Rb8 {[%clk 00:21:46]}
{[%emt 00:04:23]} 31. g5 {[%clk 00:49:48]} {[%emt 00:00:38]} Bb5 {[%clk
00:20:38]} {[%emt 00:01:38]} 32. gxh6 {[%clk 00:48:52]} {[%emt 00:01:27]} Bxd3
{[%clk 00:20:42]} {[%emt 00:00:26]} 33. Qxd3 {[%clk 00:49:18]} {[%emt
00:00:04]} Qb3 {[%clk 00:14:58]} {[%emt 00:06:14]} 34. Qd2 {[%clk 00:49:21]}
{[%emt 00:00:26]} Qb1 {[%clk 00:14:27]} {[%emt 00:01:01]} 35. hxg7 {[%clk
00:47:25]} {[%emt 00:02:27]} Qg6+ {[%clk 00:13:34]} {[%emt 00:01:23]} 36. Kh3
{[%clk 00:46:57]} {[%emt 00:00:58]} Rb3+ {[%clk 00:13:19]} {[%emt 00:00:45]}
37. Kh4 {[%clk 00:47:13]} {[%emt 00:00:14]} Qf5 {[%clk 00:12:03]} {[%emt
00:01:46]} 0-1

[Event "DEM U14 2025"]
[Site "Willingen GER"]
[Date "2025.06.09"]
[Round "3"]
[White "Sepe, Giovanni Paolo"]
[Black "Wartenberg, Alexander"]
[Result "1-0"]
[Termination "normal"]
[Board "18"]
[WhiteElo "2101"]
[BlackElo "1840"]
[WhiteClock "00:27:58"]
[BlackClock "00:29:35"]
[PlyCount "65"]
[WhiteFideId "34631909"]
[BlackFideId "16280768"]
[EventCountry "GER"]
[EventRounds "9"]
[EventType "swiss"]
[EventDate "2025.06.07"]

1. e4 {[%clk 01:30:59]} {[%emt 00:00:01]} c5 {[%clk 01:30:53]} {[%emt
00:00:07]} 2. Nf3 {[%clk 01:31:24]} {[%emt 00:00:04]} e6 {[%clk 01:31:20]}
{[%emt 00:00:04]} 3. d4 {[%clk 01:31:51]} {[%emt 00:00:03]} cxd4 {[%clk
01:31:45]} {[%emt 00:00:05]} 4. Nxd4 {[%clk 01:32:18]} {[%emt 00:00:03]} Nf6
{[%clk 01:32:05]} {[%emt 00:00:10]} 5. Nc3 {[%clk 01:32:46]} {[%emt 00:00:03]}
Nc6 {[%clk 01:32:29]} {[%emt 00:00:06]} 6. Nxc6 {[%clk 01:33:11]} {[%emt
00:00:05]} bxc6 {[%clk 01:32:51]} {[%emt 00:00:09]} 7. e5 {[%clk 01:33:36]}
{[%emt 00:00:05]} Nd5 {[%clk 01:33:14]} {[%emt 00:00:07]} 8. Ne4 {[%clk
01:34:02]} {[%emt 00:00:04]} Bb7 {[%clk 01:33:21]} {[%emt 00:00:23]} 9. c4
{[%clk 01:33:41]} {[%emt 00:00:50]} Nb4 {[%clk 01:32:47]} {[%emt 00:01:05]} 10.
c5 {[%clk 01:32:59]} {[%emt 00:01:12]} Qb8 {[%clk 01:31:07]} {[%emt 00:02:09]}
11. f4 {[%clk 01:31:14]} {[%emt 00:02:15]} Ba6 {[%clk 01:29:06]} {[%emt
00:02:31]} 12. a3 {[%clk 01:30:18]} {[%emt 00:01:26]} Bxf1 {[%clk 01:28:36]}
{[%emt 00:01:00]} 13. Rxf1 {[%clk 01:30:45]} {[%emt 00:00:04]} Nd5 {[%clk
01:27:10]} {[%emt 00:01:56]} 14. Rf3 {[%clk 01:29:13]} {[%emt 00:02:01]} a5
{[%clk 01:23:52]} {[%emt 00:03:49]} 15. b3 {[%clk 01:27:34]} {[%emt 00:02:09]}
Be7 {[%clk 01:20:16]} {[%emt 00:04:06]} 16. Bb2 {[%clk 01:26:21]} {[%emt
00:01:44]} O-O {[%clk 01:16:07]} {[%emt 00:04:38]} 17. Kf2 {[%clk 01:09:03]}
{[%emt 00:17:48]} Qb5 {[%clk 01:05:13]} {[%emt 00:11:24]} 18. Rc1 {[%clk
01:06:19]} {[%emt 00:03:13]} Rfb8 {[%clk 01:02:47]} {[%emt 00:02:55]} 19. Bd4
{[%clk 01:03:32]} {[%emt 00:03:17]} a4 {[%clk 00:48:13]} {[%emt 00:15:06]} 20.
b4 {[%clk 01:03:09]} {[%emt 00:00:53]} Rf8 {[%clk 00:46:43]} {[%emt 00:01:59]}
21. Kg1 {[%clk 00:59:27]} {[%emt 00:04:13]} Kh8 {[%clk 00:43:52]} {[%emt
00:03:21]} 22. Kh1 {[%clk 00:52:06]} {[%emt 00:07:51]} Qb7 {[%clk 00:39:14]}
{[%emt 00:05:07]} 23. Qc2 {[%clk 00:50:03]} {[%emt 00:02:33]} f6 {[%clk
00:35:18]} {[%emt 00:04:26]} 24. exf6 {[%clk 00:49:27]} {[%emt 00:01:05]} Bxf6
{[%clk 00:34:20]} {[%emt 00:01:28]} 25. Nxf6 {[%clk 00:30:54]} {[%emt
00:19:04]} Nxf6 {[%clk 00:34:12]} {[%emt 00:00:38]} 26. Rh3 {[%clk 00:30:51]}
{[%emt 00:00:32]} h6 {[%clk 00:33:30]} {[%emt 00:01:11]} 27. Qg6 {[%clk
00:29:13]} {[%emt 00:02:08]} d5 {[%clk 00:29:37]} {[%emt 00:04:23]} 28. cxd6
{[%clk 00:27:54]} {[%emt 00:01:49]} Rad8 {[%clk 00:28:56]} {[%emt 00:01:12]}
29. Bxf6 {[%clk 00:26:21]} {[%emt 00:02:03]} Rxf6 {[%clk 00:29:07]} {[%emt
00:00:19]} 30. Rxh6+ {[%clk 00:26:43]} {[%emt 00:00:08]} Kg8 {[%clk 00:29:31]}
{[%emt 00:00:05]} 31. Qh7+ {[%clk 00:27:08]} {[%emt 00:00:05]} Kf7 {[%clk
00:29:15]} {[%emt 00:00:46]} 32. Rxf6+ {[%clk 00:27:32]} {[%emt 00:00:05]} Kxf6
{[%clk 00:29:35]} {[%emt 00:00:10]} 33. Qh4+ {[%clk 00:27:58]} {[%emt
00:00:05]} 1-0

[Event "DEM U14 2025"]
[Site "Willingen GER"]
[Date "2025.06.09"]
[Round "3"]
[White "Leonhardt, Max"]
[Black "Haustein, Henry"]
[Result "1/2-1/2"]
[Termination "normal"]
[Board "20"]
[WhiteElo "1785"]
[BlackElo "1683"]
[WhiteClock "00:34:51"]
[BlackClock "00:21:20"]
[PlyCount "94"]
[WhiteFideId "34623647"]
[BlackFideId "533043817"]
[EventCountry "GER"]
[EventRounds "9"]
[EventType "swiss"]
[EventDate "2025.06.07"]

1. Nf3 {[%clk 01:30:49]} {[%emt 00:00:10]} d5 {[%clk 01:30:55]} {[%emt
00:00:06]} 2. c4 {[%clk 01:30:31]} {[%emt 00:00:48]} e6 {[%clk 01:30:51]}
{[%emt 00:00:35]} 3. g3 {[%clk 01:30:30]} {[%emt 00:00:31]} c5 {[%clk
01:29:36]} {[%emt 00:01:44]} 4. cxd5 {[%clk 01:30:46]} {[%emt 00:00:14]} exd5
{[%clk 01:29:55]} {[%emt 00:00:11]} 5. d4 {[%clk 01:30:37]} {[%emt 00:00:39]}
Nc6 {[%clk 01:29:39]} {[%emt 00:00:47]} 6. Bg2 {[%clk 01:30:31]} {[%emt
00:00:36]} Nf6 {[%clk 01:29:33]} {[%emt 00:00:36]} 7. O-O {[%clk 01:30:37]}
{[%emt 00:00:23]} h6 {[%clk 01:22:42]} {[%emt 00:07:22]} 8. Nc3 {[%clk
01:29:36]} {[%emt 00:01:32]} Bf5 {[%clk 01:21:44]} {[%emt 00:01:28]} 9. Bf4
{[%clk 01:28:02]} {[%emt 00:02:04]} Be7 {[%clk 01:21:12]} {[%emt 00:01:02]} 10.
e3 {[%clk 01:27:10]} {[%emt 00:01:22]} O-O {[%clk 01:20:45]} {[%emt 00:00:57]}
11. dxc5 {[%clk 01:25:12]} {[%emt 00:02:29]} Bxc5 {[%clk 01:20:57]} {[%emt
00:00:18]} 12. Rc1 {[%clk 01:20:52]} {[%emt 00:04:50]} Bb6 {[%clk 01:19:16]}
{[%emt 00:02:11]} 13. Nb5 {[%clk 01:19:29]} {[%emt 00:01:52]} Be4 {[%clk
01:08:36]} {[%emt 00:11:10]} 14. h4 {[%clk 01:15:52]} {[%emt 00:04:08]} Qd7
{[%clk 01:02:07]} {[%emt 00:06:59]} 15. Nbd4 {[%clk 01:12:55]} {[%emt
00:03:26]} Nxd4 {[%clk 00:57:39]} {[%emt 00:04:58]} 16. Nxd4 {[%clk 01:10:48]}
{[%emt 00:02:37]} Bxg2 {[%clk 00:56:59]} {[%emt 00:01:10]} 17. Kxg2 {[%clk
01:11:08]} {[%emt 00:00:10]} Rac8 {[%clk 00:53:02]} {[%emt 00:04:28]} 18. Qd3
{[%clk 01:09:39]} {[%emt 00:01:59]} Ne4 {[%clk 00:49:02]} {[%emt 00:04:30]} 19.
Nb3 {[%clk 01:04:29]} {[%emt 00:05:40]} Qe6 {[%clk 00:44:36]} {[%emt 00:04:56]}
20. f3 {[%clk 01:01:26]} {[%emt 00:03:33]} Nc5 {[%clk 00:38:24]} {[%emt
00:06:41]} 21. Nxc5 {[%clk 01:00:00]} {[%emt 00:01:56]} Bxc5 {[%clk 00:37:19]}
{[%emt 00:01:35]} 22. Rfd1 {[%clk 00:57:45]} {[%emt 00:02:45]} Rfd8 {[%clk
00:35:51]} {[%emt 00:01:58]} 23. Qb3 {[%clk 00:56:49]} {[%emt 00:01:27]} b6
{[%clk 00:28:28]} {[%emt 00:07:52]} 24. Rd3 {[%clk 00:56:10]} {[%emt 00:01:09]}
Rd7 {[%clk 00:22:33]} {[%emt 00:06:26]} 25. Rcd1 {[%clk 00:53:52]} {[%emt
00:02:48]} Rcd8 {[%clk 00:22:03]} {[%emt 00:00:59]} 26. a3 {[%clk 00:52:59]}
{[%emt 00:01:23]} Qc6 {[%clk 00:20:55]} {[%emt 00:01:38]} 27. Qc2 {[%clk
00:52:23]} {[%emt 00:01:06]} Qb7 {[%clk 00:19:51]} {[%emt 00:01:34]} 28. b4
{[%clk 00:52:14]} {[%emt 00:00:40]} Be7 {[%clk 00:19:59]} {[%emt 00:00:21]} 29.
Be5 {[%clk 00:50:44]} {[%emt 00:02:00]} f6 {[%clk 00:18:17]} {[%emt 00:02:11]}
30. Bb2 {[%clk 00:49:45]} {[%emt 00:01:29]} Qc7 {[%clk 00:16:00]} {[%emt
00:02:48]} 31. Qb3 {[%clk 00:49:42]} {[%emt 00:00:34]} Kf8 {[%clk 00:14:11]}
{[%emt 00:02:18]} 32. Rc1 {[%clk 00:45:48]} {[%emt 00:04:24]} Qb7 {[%clk
00:13:56]} {[%emt 00:00:44]} 33. Bd4 {[%clk 00:45:44]} {[%emt 00:00:34]} Bd6
{[%clk 00:13:17]} {[%emt 00:01:10]} 34. h5 {[%clk 00:44:21]} {[%emt 00:01:52]}
Be5 {[%clk 00:13:19]} {[%emt 00:00:28]} 35. Rc2 {[%clk 00:40:28]} {[%emt
00:04:24]} Ke7 {[%clk 00:11:14]} {[%emt 00:02:35]} 36. b5 {[%clk 00:38:46]}
{[%emt 00:02:12]} Rc7 {[%clk 00:10:48]} {[%emt 00:00:56]} 37. Rdc3 {[%clk
00:36:31]} {[%emt 00:02:46]} Rxc3 {[%clk 00:09:42]} {[%emt 00:01:36]} 38. Qxc3
{[%clk 00:35:53]} {[%emt 00:01:07]} Kd6 {[%clk 00:08:19]} {[%emt 00:01:53]} 39.
Qb4+ {[%clk 00:35:27]} {[%emt 00:00:56]} Ke6 {[%clk 00:06:19]} {[%emt
00:02:31]} 40. Rc6+ {[%clk 00:33:07]} {[%emt 00:02:50]} Kf7 {[%clk 00:06:40]}
{[%emt 00:00:08]} 41. Qc3 {[%clk 00:17:05]} {[%emt 00:16:33]} Bxd4 {[%clk
00:30:04]} {[%emt 00:07:06]} 42. Qxd4 {[%clk 00:47:16]} {[%emt 00:00:18]} Rd7
{[%clk 00:28:07]} {[%emt 00:02:27]} 43. a4 {[%clk 00:45:53]} {[%emt 00:01:54]}
Qb8 {[%clk 00:27:17]} {[%emt 00:01:20]} 44. f4 {[%clk 00:43:43]} {[%emt
00:02:40]} Qe8 {[%clk 00:26:21]} {[%emt 00:01:27]} 45. Kf3 {[%clk 00:43:14]}
{[%emt 00:00:58]} f5 {[%clk 00:24:19]} {[%emt 00:02:32]} 46. Ke2 {[%clk
00:37:04]} {[%emt 00:06:40]} Qe4 {[%clk 00:24:13]} {[%emt 00:00:36]} 47. Kf2
{[%clk 00:34:51]} {[%emt 00:02:42]} Qh1 {[%clk 00:21:20]} {[%emt 00:03:24]}
1/2-1/2

[Event "DEM U14 2025"]
[Site "Willingen GER"]
[Date "2025.06.09"]
[Round "3"]
[White "Kalinski, Jan"]
[Black "Meitzner, Johan Eduard"]
[Result "1-0"]
[Termination "normal"]
[Board "21"]
[WhiteElo "1748"]
[BlackElo "1714"]
[WhiteClock "00:41:28"]
[BlackClock "00:04:40"]
[PlyCount "97"]
[WhiteFideId "34660615"]
[BlackFideId "34623612"]
[EventCountry "GER"]
[EventRounds "9"]
[EventType "swiss"]
[EventDate "2025.06.07"]

1. c4 {[%clk 01:30:59]} {[%emt 00:00:01]} e5 {[%clk 01:30:55]} {[%emt
00:00:05]} 2. g3 {[%clk 01:31:23]} {[%emt 00:00:06]} Nc6 {[%clk 01:31:13]}
{[%emt 00:00:12]} 3. Bg2 {[%clk 01:31:47]} {[%emt 00:00:05]} g6 {[%clk
01:31:37]} {[%emt 00:00:06]} 4. Nc3 {[%clk 01:32:14]} {[%emt 00:00:04]} Bg7
{[%clk 01:32:00]} {[%emt 00:00:07]} 5. Rb1 {[%clk 01:32:36]} {[%emt 00:00:08]}
Nd4 {[%clk 01:22:53]} {[%emt 00:09:35]} 6. e3 {[%clk 01:32:26]} {[%emt
00:00:41]} Ne6 {[%clk 01:22:51]} {[%emt 00:00:32]} 7. Nge2 {[%clk 01:32:50]}
{[%emt 00:00:07]} f5 {[%clk 01:15:02]} {[%emt 00:08:19]} 8. d3 {[%clk
01:32:58]} {[%emt 00:00:22]} Ne7 {[%clk 01:14:23]} {[%emt 00:01:08]} 9. O-O
{[%clk 01:32:03]} {[%emt 00:01:27]} O-O {[%clk 01:13:53]} {[%emt 00:00:59]} 10.
b4 {[%clk 01:30:11]} {[%emt 00:02:22]} d6 {[%clk 01:08:04]} {[%emt 00:06:19]}
11. Bb2 {[%clk 01:30:33]} {[%emt 00:00:09]} c5 {[%clk 00:59:18]} {[%emt
00:09:16]} 12. a3 {[%clk 01:29:45]} {[%emt 00:01:17]} Rb8 {[%clk 00:55:49]}
{[%emt 00:04:00]} 13. Nd5 {[%clk 01:24:48]} {[%emt 00:05:27]} b6 {[%clk
00:53:26]} {[%emt 00:02:54]} 14. Nec3 {[%clk 01:24:50]} {[%emt 00:00:27]} Bb7
{[%clk 00:53:25]} {[%emt 00:00:30]} 15. Nxe7+ {[%clk 01:24:36]} {[%emt
00:00:44]} Qxe7 {[%clk 00:53:29]} {[%emt 00:00:28]} 16. Nd5 {[%clk 01:24:39]}
{[%emt 00:00:26]} Qf7 {[%clk 00:51:03]} {[%emt 00:02:53]} 17. Qa4 {[%clk
01:11:14]} {[%emt 00:13:57]} Ba8 {[%clk 00:33:26]} {[%emt 00:18:05]} 18. f4
{[%clk 01:10:27]} {[%emt 00:01:19]} exf4 {[%clk 00:32:28]} {[%emt 00:01:29]}
19. gxf4 {[%clk 01:10:39]} {[%emt 00:00:17]} Bxb2 {[%clk 00:31:19]} {[%emt
00:01:39]} 20. Rxb2 {[%clk 01:10:55]} {[%emt 00:00:15]} Qg7 {[%clk 00:29:58]}
{[%emt 00:01:49]} 21. Re2 {[%clk 01:06:29]} {[%emt 00:04:56]} Rf7 {[%clk
00:27:42]} {[%emt 00:02:45]} 22. Rd1 {[%clk 01:01:10]} {[%emt 00:05:51]} g5
{[%clk 00:26:23]} {[%emt 00:01:49]} 23. fxg5 {[%clk 00:59:59]} {[%emt
00:01:41]} Qxg5 {[%clk 00:25:47]} {[%emt 00:01:02]} 24. Kh1 {[%clk 00:59:38]}
{[%emt 00:00:54]} Qh5 {[%clk 00:24:23]} {[%emt 00:01:51]} 25. Qc2 {[%clk
00:59:12]} {[%emt 00:00:58]} f4 {[%clk 00:21:13]} {[%emt 00:03:40]} 26. Nxf4
{[%clk 00:56:16]} {[%emt 00:03:26]} Nxf4 {[%clk 00:16:03]} {[%emt 00:05:41]}
27. exf4 {[%clk 00:56:34]} {[%emt 00:00:12]} Bf3 {[%clk 00:15:43]} {[%emt
00:00:48]} 28. Rg1 {[%clk 00:41:46]} {[%emt 00:15:20]} Rg7 {[%clk 00:07:29]}
{[%emt 00:08:43]} 29. Rf2 {[%clk 00:41:30]} {[%emt 00:00:46]} Bxg2+ {[%clk
00:04:20]} {[%emt 00:03:39]} 30. Rgxg2 {[%clk 00:41:50]} {[%emt 00:00:11]} Rbb7
{[%clk 00:04:26]} {[%emt 00:00:24]} 31. Qe2 {[%clk 00:41:18]} {[%emt 00:01:01]}
Qxe2 {[%clk 00:04:06]} {[%emt 00:00:51]} 32. Rxe2 {[%clk 00:41:42]} Rxg2 {[%clk
00:04:20]} {[%emt 00:00:21]} 33. Kxg2 {[%clk 00:42:07]} Kf7 {[%clk 00:04:46]}
{[%emt 00:00:10]} 34. Kf3 {[%clk 00:42:03]} Kf6 {[%clk 00:03:39]} {[%emt
00:02:11]} 35. Re8 {[%clk 00:40:54]} cxb4 {[%clk 00:02:21]} {[%emt 00:03:28]}
36. axb4 {[%clk 00:41:14]} {[%emt 00:00:10]} Re7 {[%emt 00:02:20]} 37. Rxe7
{[%clk 00:40:30]} Kxe7 {[%clk 00:02:09]} {[%emt 00:00:04]} 38. b5 {[%emt
00:00:21]} Ke6 {[%emt 00:01:09]} 39. Ke4 {[%clk 00:41:21]} {[%emt 00:00:04]} h5
{[%clk 00:01:31]} {[%emt 00:00:13]} 40. d4 {[%clk 00:41:17]} {[%emt 00:00:34]}
h4 {[%clk 00:01:50]} {[%emt 00:00:11]} 41. h3 {[%clk 00:38:57]} {[%emt
00:02:49]} Kf6 {[%clk 00:02:07]} {[%emt 00:00:13]} 42. Kd5 {[%clk 00:39:12]}
{[%emt 00:00:15]} Kf5 {[%clk 00:02:10]} {[%emt 00:00:28]} 43. Kxd6 {[%clk
00:39:35]} {[%emt 00:00:06]} Kxf4 {[%clk 00:02:34]} {[%emt 00:00:07]} 44. Kc6
{[%clk 00:40:01]} {[%emt 00:00:03]} Kg3 {[%clk 00:02:57]} {[%emt 00:00:09]} 45.
d5 {[%clk 00:40:24]} {[%emt 00:00:07]} Kxh3 {[%clk 00:03:23]} {[%emt 00:00:04]}
46. d6 {[%clk 00:40:47]} {[%emt 00:00:06]} Kg2 {[%clk 00:03:49]} {[%emt
00:00:05]} 47. d7 {[%clk 00:41:05]} {[%emt 00:00:11]} h3 {[%clk 00:04:14]}
{[%emt 00:00:05]} 48. d8=Q {[%clk 00:41:28]} {[%emt 00:00:08]} h2 {[%clk
00:04:40]} {[%emt 00:00:04]} 49. Qd2+ {[%clk 00:41:28]} {[%emt 00:00:29]} 1-0